000 00334nam a22001337a 4500
020 _qPB.
040 _cFIZZA ISHAQ
082 _a004.6
_bWAY
100 _aTOMASI, WAYNE.
_989917
245 _aINTRODUCTION TO DATA COMMUNICATION AND NETWORKING /
_cWAYNE TOMASI.
260 _bPEARSON,
_c2005.
300 _a967 P. ;
942 _2ddc
_cBK
999 _c588399
_d588399